| 000 | 00783nam a2200217Ia 4500 | ||
|---|---|---|---|
| 001 | 14617 | ||
| 003 | GE_BSU | ||
| 008 | 181216s||||||||xx |||||||||||||| ||und|| | ||
| 040 | _cGE_BSU | ||
| 080 | _a821.353.1-2 | ||
| 100 | _aკაკაბაძე,პ. | ||
| 245 | _aპიესები:ყვარყვარე თუთაბერი. კოლმეურნის ქორწინება | ||
| 245 | _cრედ.თ.მღებრიშვილი. | ||
| 260 | _aთბილისი | ||
| 260 | _bხელოვნება | ||
| 260 | _c1952 | ||
| 300 | _a140გვ.20სმ. | ||
| 653 | _aკოლმეურნის ქორწინება | ||
| 653 | _aპიესები:ყვარყვარე თუთაბერი. | ||
| 942 | _cBK | ||
| 999 |
_c47746 _d47746 |
||